000 00594cam a2200217 4500
001 B918
008 090401t1987 xxu||||| |||| 00| 0 eng d
035 _a(Sirsi) u38699
041 _aeng
050 _a692.5076
090 _aRICS 1987/25ABC
110 _aRoyal Institution of Chartered Surveyors
_94900
245 _aTest of professional competence : practice problem March 1987
260 _c1987
300 _a25 leaves, 11 folded leaves of tables and plans ; 30cm.
350 _a0
520 _aQuantity Surveyors Division
650 _aTPC
942 _n0
948 _c04/03/1997
999 _c90688
_d90688